Cargando…

Vampires, dwarves and witches among the Ontario Kashubs /

Detalles Bibliográficos
Autor principal: Perkowski, Jan Louis
Formato: Electrónico eBook
Idioma:Inglés
Kashubian
Publicado: Ottawa, National Museums of Canada, National Museum of Man, Canadian Centre for Folk Culture Studies, 1972.
Colección:Book collections on Project MUSE.
Temas:
Acceso en línea:Texto completo

MARC

LEADER 00000cam a22000004a 4500
001 musev2_65401
003 MdBmJHUP
005 20230905050731.0
006 m o d
007 cr||||||||nn|n
008 140926s1972 onc o 00 0 eng d
010 |z  73176929  
020 |a 9781772823127 
020 |z 1772823120 
035 |a (OCoLC)1132226961 
040 |a MdBmJHUP  |c MdBmJHUP 
041 0 |a eng  |a csb  |b fre 
100 1 |a Perkowski, Jan Louis. 
245 1 0 |a Vampires, dwarves and witches among the Ontario Kashubs /   |c [by] Jan L. Perkowski. 
264 1 |a Ottawa,  |b National Museums of Canada, National Museum of Man, Canadian Centre for Folk Culture Studies,  |c 1972. 
264 3 |a Baltimore, Md. :  |b Project MUSE,   |c 2020 
264 4 |c ©1972. 
300 |a 1 online resource (172 pages):   |b illustrations. 
336 |a text  |b txt  |2 rdacontent 
337 |a computer  |b c  |2 rdamedia 
338 |a online resource  |b cr  |2 rdacarrier 
490 0 |a Canadian Centre for Folk Culture Studies. Paper  |v no. 1 
490 0 |a Mercury series 
500 |a Summary in French. 
500 |a Brief texts in Kashubian. 
588 |a Description based on print version record. 
650 7 |a Demonology.  |2 fast  |0 (OCoLC)fst00890199 
650 6 |a Mythologie kachoube. 
650 6 |a Demonologie  |z Ontario. 
650 6 |a Kachoubes  |x Folklore. 
650 6 |a Kachoubes  |x Religion. 
650 0 |a Demonology  |z Ontario. 
651 7 |a Ontario.  |2 fast  |0 (OCoLC)fst01204832 
655 7 |a Electronic books.   |2 local 
710 2 |a Project Muse.  |e distributor 
830 0 |a Book collections on Project MUSE. 
856 4 0 |z Texto completo  |u https://projectmuse.uam.elogim.com/book/65401/ 
945 |a Project MUSE - Custom Collection 
945 |a Project MUSE - Archive Complete Supplement VIII 
945 |a Project MUSE - Archive Poetry, Fiction and Creative Non-Fiction Supplement VIII